|
|
|
|
| LEADER |
01194cam a2200241 u 4500 |
| 001 |
10078034 |
| 003 |
GR-PaULI |
| 005 |
20230126120110.0 |
| 008 |
090902s2016 gr f p gre |
| 952 |
|
|
|0 0
|1 0
|2 ddc
|4 0
|6 861_640000000000000_LIH
|7 0
|9 367963
|a LISP
|b LISP
|c DON
|d 2023-01-26
|e ΠΑΤ
|i 148675
|l 0
|o 861.64 LIH
|p 025000297229
|r 2023-01-26 00:00:00
|t 1
|w 2023-01-26
|y BKN
|
| 999 |
|
|
|c 215011
|d 215011
|
| 020 |
|
|
|a 9789604082087
|
| 040 |
|
|
|a GR-PaULI
|c GR-PaULI
|b gre
|e AACR2
|
| 041 |
0 |
|
|a gre
|h spa
|
| 082 |
0 |
4 |
|a 861.64
|2 23
|
| 100 |
1 |
|
|a Lihn, Enrique
|9 195727
|e συγγραφέας.
|
| 245 |
1 |
0 |
|a Ενρίκε Λιν:
|b άστρο μοναχικό στη γραμμική ακινησία του τίποτα /
|c ποιήματα Enrique Lihn, Pedro Lastra, Ρήγας Καππάτος ; εισαγωγή, μετάφραση Ρήγας Καππάτος.
|
| 260 |
|
|
|a Αθήνα :
|b Εκάτη,
|c 2016.
|
| 300 |
|
|
|a 95 σ. :
|b εικ. ;
|c 21 εκ.
|
| 700 |
1 |
|
|9 52881
|a Καππάτος, Ρήγας,
|d 1934-
|e μεταφραστής,
|e συγγραφέας,
|e συγγραφέας εισαγωγής.
|
| 700 |
1 |
|
|9 171509
|a Lastra, Pedro
|e συγγραφέας.
|
| 942 |
|
|
|2 ddc
|c BK
|
| 998 |
|
|
|c ΜΠΟΥΡΑΣ
|d 2023-01
|